Exequias de la lengua castellana / (Record no. 176237)

MARC details
000 -LEADER
campo de control de longitud fija 00756nam a22002055i 4500
001 - NÚMERO DE CONTROL
campo de control 176237
003 - IDENTIFICADOR DE NÚMERO DE CONTROL
campo de control ES-MaACL
005 - FECHA Y HORA DE LA ÚLTIMA TRANSACCIÓN
campo de control 20251014063251.0
008 - DATOS DE LONGITUD FIJA--INFORMACIÓN GENERAL
campo de control de longitud fija 101227s1956 sp |||| | spa d
080 ## - NÚMERO DE LA CLASIFICACIÓN DECIMAL UNIVERSAL
Número de la Clasificación Decimal Universal 821.134.2-95"17"
100 1# - ENTRADA PRINCIPAL--NOMBRE DE PERSONA
Nombre de persona Forner, Juan Pablo,
Fechas asociadas al nombre 1756-1797
9 (RLIN) 51775
245 10 - MENCIÓN DEL TÍTULO
Título Exequias de la lengua castellana /
Mención de responsabilidad, etc. por Juan Pablo Forner ; edición, introducción y notas de Pedro Sáinz y Rodríguez.
260 ## - PUBLICACIÓN, DISTRIBUCIÓN, ETC.
Lugar de publicación, distribución, etc. Madrid :
Nombre del editor, distribuidor, etc. Espasa-Calpe,
Fecha de publicación, distribución, etc. imp. 1956.
300 ## - DESCRIPCIÓN FÍSICA
Extensión XXXIX, 211 p. ;
Dimensiones 20 cm.
490 1# - MENCIÓN DE SERIE
Mención de serie Clásicos castellanos ;
Designación de volumen o secuencia 66
700 1# - ENTRADA AGREGADA--NOMBRE PERSONAL
Nombre de persona Sainz Rodríguez, Pedro,
Fechas asociadas al nombre 1898-1986
9 (RLIN) 101608
830 00 - PUNTO DE ACCESO ADICIONAL DE SERIE-TÍTULO UNIFORME
Título uniforme Clásicos castellanos (Espasa-Calpe)
Designación de volumen o secuencia 66
9 (RLIN) 183802
852 ## - LOCALIZACIÓN
Ubicación ES-MaACL
Número de control de estantería E-13906
Encuadernación Olim P-94
Holdings
Estatus retirado Estado de pérdida Estado de daño No para préstamo Biblioteca de origen Biblioteca actual Ubicación en estantería Fecha de adquisición Fuente de adquisición Total de préstamos Signatura topográfica completa Código de barras Visto por última vez Precio de reemplazo Tipo de ítem Koha
        Biblioteca del Ateneo de Madrid Biblioteca del Ateneo de Madrid Depósito 2 27/12/2010     E-13906 1185088 23/02/2023 23/02/2023 Libro impreso